000 00561nam a2200205Ia 4500
005 20250508153756.0
008 008 250505s9999 xx 000 0 eng d
037 _aTextual
040 _aFEDL
_beng
_cFEDL
041 _aeng
_2eng
084 _a370.942, BAL
_qFEDL
100 _aBalfour Graham
_9633760
245 0 _aEducational systems of Great Britain and Ireland
250 _a2
260 _aOxford
_bClarendon Press
_c1903
300 _axii,307p
650 _aEducation
942 _cTEXL
_h370.942, BAL
999 _c1345415
_d1345415